Bytový dom

Enregistré dans:
Détails bibliographiques
Auteur principal: Viglaská, Veronika (Auteur)
Autres auteurs: Jamnický, Martin (Directeur de thèse)
Format: Manuscrit Livre
Langue:slovaque
Publié: 2021
Sujets:
Accès en ligne:http://is.stuba.sk/zp/portal_zp.pl?podrobnosti=144393
https://opac.crzp.sk/?fn=detailBiblioForm&sid=C5B0443D08DFEDB2320F0049A386
Tags: Ajouter un tag
Pas de tags, Soyez le premier à ajouter un tag!

MARC

LEADER 00000ntm a22000003a 4500
001 stuzp85027
003 SK-STU
005 20230516091748.5
007 ta
008 150427s2015----xo-----f-mn---000-0-slo-d
040 |a STU  |b slo 
041 0 |a slo 
100 1 |a Viglaská, Veronika  |u 010180  |4 aut  |U SvF Stavebná fakulta  |T SvF Katedra konštrukcií pozemných stavieb  |X 93389  |U V180  |Y 18  |7 93389 
242 0 1 |a Residential house  |y eng 
245 1 0 |a Bytový dom 
260 |c 2021 
650 4 |a bytový dom  |2 slo 
650 4 |a železobetón  |2 slo 
650 4 |a realizačný projekt  |2 slo 
650 4 |a residential building  |2 eng 
650 4 |a reinforced concrete  |2 eng 
650 4 |a realization project  |2 eng 
700 1 |a Jamnický, Martin  |u 010180  |k Z1  |4 ths  |U SvF Stavebná fakulta  |T SvF Katedra konštrukcií pozemných stavieb  |X 4052  |U V180  |Y 18  |7 A000004052 
856 4 |u http://is.stuba.sk/zp/portal_zp.pl?podrobnosti=144393 
856 4 |u https://opac.crzp.sk/?fn=detailBiblioForm&sid=C5B0443D08DFEDB2320F0049A386